[Event "IND-ch U17 Girls"]
[Site "Bhubaneswar"]
[Date "2022.07.02"]
[Round "2"]
[White "Ishvi, Aggarwal"]
[Black "Chinnam, Vyshnavi"]
[Result "1/2-1/2"]
[WhiteElo "1962"]
[BlackElo "1573"]
[PlyCount "80"]
[EventDate "2022.07.01"]
[EventType "swiss"]
[EventRounds "11"]
[EventCountry "IND"]
[SourceTitle "EXT 2023"]
[Source "ChessBase"]
[SourceDate "2022.10.05"]
[SourceVersion "1"]
[SourceVersionDate "2022.10.05"]
[SourceQuality "1"]

1. d4 Nf6 2. c4 c5 3. d5 b5 4. cxb5 a6 5. bxa6 Bxa6 6. Nc3 d6 7. g3 g6 8. Bg2 Bg7 9. Nf3 0-0 10. 0-0 Nbd7 11. Rb1 Qc7 12. b3 Rac8 13. Bb2 Nb6 14. Qd2 e6 15. dxe6 fxe6 16. Rfc1 d5 17. e3 Rce8 18. a4 Ng4 19. a5 Nd7 20. Nd1 Bxb2 21. Rxb2 Nde5 22. Ne1 Rb8 23. f4 Nd7 24. b4 Bc4 25. e4 cxb4 26. exd5 Qa7+ 27. Kh1 exd5 28. Bxd5+ Bxd5+ 29. Qxd5+ Kg7 30. Nf3 Ngf6 31. Qa2 Nc5 32. Nf2 Rfe8 33. Kg2 Rb5 34. Qc4 Qxa5 35. Nd4 Qa8+ 36. Kf1 Ng4 37. Qxb5 Ne3+ 38. Ke2 Nc4+ 39. Kf1 Ne3+ 40. Ke2 Nc4+ 1/2-1/2

[Event "IND-ch U18 Girls"]
[Site "Pollachi"]
[Date "2022.04.22"]
[Round "9"]
[White "Chinnam, Vyshnavi"]
[Black "Bhagyashree, Patil"]
[Result "0-1"]
[WhiteElo "1673"]
[BlackElo "1931"]
[PlyCount "146"]
[EventDate "2022.04.18"]
[EventType "swiss"]
[EventRounds "11"]
[EventCountry "IND"]
[SourceTitle "CBM 208 Extra"]
[Source "ChessBase"]
[SourceDate "2022.07.31"]
[SourceVersion "1"]
[SourceVersionDate "2022.07.31"]
[SourceQuality "1"]

1. Nf3 d5 2. c4 e6 3. b3 Nf6 4. Bb2 Be7 5. g3 b6 6. Bg2 Bb7 7. 0-0 0-0 8. e3 Nbd7 9. d4 c5 10. cxd5 Nxd5 11. Nc3 N7f6 12. Qe2 Rc8 13. Nxd5 Bxd5 14. dxc5 Bxc5 15. Rfd1 Qe7 16. Rac1 Rfd8 17. Ne5 Bxg2 18. Kxg2 Qb7+ 19. Qf3 Qxf3+ 20. Kxf3 Kf8 21. g4 Rxd1 22. Rxd1 Rc7 23. g5 Ne8 24. Nd7+ Ke7 25. Nxc5 bxc5 26. Rc1 Kd6 27. Ke4 f6 28. f4 Kc6 29. b4 Nd6+ 30. Kf3 c4 31. gxf6 gxf6 32. Bxf6 Kb5 33. Bc3 Rc6 34. h4 Ka4 35. Bd4 Kxb4 36. Bxa7 Nb5 37. Bb8 Ra6 38. Rc2 c3 39. Be5 Kc4 40. Ke2 h5 41. Bf6 Ra8 42. Be5 Rg8 43. a4 Rg2+ 44. Kd1 Rg1+ 45. Ke2 Kb3 46. Kf2 Rb1 47. Re2 Na7 48. Bxc3 Kxc3 49. e4 Kd4 50. e5 Nc6 51. f5 exf5 52. e6 Ne7 53. Ra2 Rb6 54. a5 Ra6 55. Kf3 Ke5 56. Rg2 Rxa5 57. Rg5 Ra3+ 58. Kg2 Kxe6 59. Rxh5 f4 60. Rb5 Nf5 61. h5 Kf6 62. Rb4 Kg5 63. Rb5 Kg4 64. Rb8 Ne3+ 65. Kh1 Ra1+ 66. Kh2 Ra2+ 67. Kh1 Kxh5 68. Rg8 Kh4 69. Rg1 Kh3 70. Re1 f3 71. Rf1 Nxf1 72. Kg1 Ne3 73. Kh1 Ra1# 0-1

[Event "IND-ch U18 Girls"]
[Site "Pollachi"]
[Date "2022.04.21"]
[Round "7"]
[White "Chinnam, Vyshnavi"]
[Black "Rindhiya, V."]
[Result "1/2-1/2"]
[WhiteElo "1673"]
[BlackElo "1880"]
[PlyCount "63"]
[EventDate "2022.04.18"]
[EventType "swiss"]
[EventRounds "11"]
[EventCountry "IND"]
[SourceTitle "CBM 208 Extra"]
[Source "ChessBase"]
[SourceDate "2022.07.31"]
[SourceVersion "1"]
[SourceVersionDate "2022.07.31"]
[SourceQuality "1"]

1. Nf3 d5 2. c4 e6 3. b3 Nf6 4. Bb2 Be7 5. e3 0-0 6. Be2 b6 7. 0-0 Bb7 8. Nc3 Nbd7 9. cxd5 exd5 10. d4 Ne4 11. Nxe4 dxe4 12. Ne5 Nxe5 13. dxe5 c5 14. Bc4 Qxd1 15. Raxd1 Rfd8 16. a4 Kf8 17. Bc3 a6 18. Rxd8+ Rxd8 19. Rb1 a5 20. Kf1 f6 21. exf6 Bxf6 22. Bxf6 gxf6 23. Ke1 Ke7 24. Rd1 Rxd1+ 25. Kxd1 Kd6 26. Kd2 h6 27. Kc3 Ke5 28. Be2 Bd5 29. Bc4 Bb7 30. Be2 Bd5 31. Bc4 Bb7 32. Be2 1/2-1/2

[Event "IND-ch U18 Girls"]
[Site "Pollachi"]
[Date "2022.04.19"]
[Round "4"]
[White "Varshita, Jain"]
[Black "Chinnam, Vyshnavi"]
[Result "1/2-1/2"]
[WhiteElo "1459"]
[BlackElo "1673"]
[PlyCount "64"]
[EventDate "2022.04.18"]
[EventType "swiss"]
[EventRounds "11"]
[EventCountry "IND"]
[SourceTitle "CBM 208 Extra"]
[Source "ChessBase"]
[SourceDate "2022.07.31"]
[SourceVersion "1"]
[SourceVersionDate "2022.07.31"]
[SourceQuality "1"]

1. e4 e6 2. d4 d5 3. e5 c5 4. c3 Qb6 5. Nf3 Bd7 6. Bd3 Bb5 7. dxc5 Bxc5 8. 0-0 a5 9. Bxb5+ Qxb5 10. Nd4 Bxd4 11. cxd4 Ne7 12. Nc3 Qc6 13. Be3 0-0 14. Rc1 a4 15. Bg5 Qd7 16. Nxa4 Qxa4 17. Bxe7 Re8 18. b3 Qxa2 19. Qg4 Qd2 20. h4 h5 21. Qxh5 Nc6 22. Bf6 Qf4 23. Rc3 Nxd4 24. Rg3 Nf5 25. Rg5 Ra2 26. g4 Rxf2 27. Rxf2 Qg3+ 28. Rg2 Qe3+ 29. Rf2 Qg3+ 30. Rg2 Qe3+ 31. Rf2 Qg3+ 32. Rg2 Qe3+ 1/2-1/2

[Event "IND-ch U20 Girls 50th"]
[Site "Gurugram"]
[Date "2022.03.12"]
[Round "8"]
[White "Chinnam, Vyshnavi"]
[Black "Velpula, Sarayu"]
[Result "1/2-1/2"]
[WhiteElo "1721"]
[BlackElo "1875"]
[PlyCount "62"]
[EventDate "2022.03.09"]
[EventType "swiss"]
[EventRounds "9"]
[EventCountry "IND"]
[SourceTitle "EXT 2023"]
[Source "ChessBase"]
[SourceDate "2022.10.05"]
[SourceVersion "1"]
[SourceVersionDate "2022.10.05"]
[SourceQuality "1"]

1. Nf3 Nf6 2. c4 g6 3. b4 Bg7 4. Bb2 0-0 5. g3 c5 6. bxc5 Na6 7. d4 Ne4 8. Qc2 d5 9. cxd6 Nxd6 10. e4 Bg4 11. Nbd2 Nb4 12. Qb3 Nc6 13. e5 Nf5 14. d5 Na5 15. Qd3 Rc8 16. h3 Bxf3 17. Qxf3 Bh6 18. Nb3 Nxc4 19. Bxc4 Rxc4 20. 0-0 Qd7 21. Bc1 Bxc1 22. Raxc1 Nd4 23. Qe4 Nxb3 24. Qxc4 Nd2 25. Qd3 Nxf1 26. Rxf1 Rd8 27. Rd1 Qxh3 28. d6 exd6 29. exd6 Qd7 30. Qd4 b6 31. Re1 Qc6 1/2-1/2

[Event "Wch U14 Girls"]
[Site "Mumbai"]
[Date "2019.10.07"]
[Round "7"]
[White "Ghomi, Parnian"]
[Black "Chinnam, Vyshnavi"]
[Result "1-0"]
[WhiteElo "1948"]
[BlackElo "1745"]
[PlyCount "65"]
[EventDate "2019.10.02"]
[EventType "swiss"]
[EventRounds "11"]
[EventCountry "IND"]
[SourceTitle "EXT 2020"]
[Source "ChessBase"]
[SourceDate "2019.10.17"]
[SourceVersion "1"]
[SourceVersionDate "2019.10.17"]
[SourceQuality "1"]

1. e4 e6 2. d3 d5 3. Nd2 Nf6 4. Ngf3 c5 5. g3 Nc6 6. Bg2 Be7 7. 0-0 0-0 8. Re1 b5 9. e5 Nd7 10. Nf1 a5 11. h4 Ba6 12. N1h2 Rc8 13. h5 d4 14. Ng4 c4 15. a3 Nc5 16. Bf1 Rc7 17. Bf4 Rd7 18. Qd2 Na4 19. h6 c3 20. bxc3 dxc3 21. Qc1 Nd4 22. Nxd4 Rxd4 23. hxg7 Re8 24. Qd1 Kxg7 25. Be3 Rd7 26. Bg2 Bb7 27. Bxb7 Rxb7 28. Qf3 Qd5 29. Qf4 Rg8 30. Nf6 Bxf6 31. Qh6+ Kh8 32. Qxf6+ Rg7 33. Bh6 1-0

[Event "Wch U14 Girls"]
[Site "Mumbai"]
[Date "2019.10.03"]
[Round "2"]
[White "Chinnam, Vyshnavi"]
[Black "Allahverdiyeva, Ayan"]
[Result "0-1"]
[WhiteElo "1745"]
[BlackElo "2160"]
[PlyCount "68"]
[EventDate "2019.10.02"]
[EventType "swiss"]
[EventRounds "11"]
[EventCountry "IND"]
[SourceTitle "EXT 2020"]
[Source "ChessBase"]
[SourceDate "2019.10.17"]
[SourceVersion "1"]
[SourceVersionDate "2019.10.17"]
[SourceQuality "1"]

1. d4 d5 2. Bf4 Nf6 3. e3 c5 4. dxc5 e6 5. b4 a5 6. c3 Nc6 7. Bb5 Bd7 8. a4 axb4 9. Bxc6 Bxc6 10. cxb4 b6 11. Nd2 d4 12. Ngf3 dxe3 13. Bxe3 Nd5 14. b5 Nxe3 15. fxe3 Bxf3 16. Qxf3 Bxc5 17. 0-0 0-0 18. Ne4 Be7 19. Rfd1 Qc7 20. Rac1 Qe5 21. Rc4 f5 22. Nd2 Bc5 23. Nf1 f4 24. Re4 Qg5 25. Qh3 fxe3 26. Qxe6+ Kh8 27. Nxe3 Rf3 28. Re1 Raf8 29. Re5 Qh4 30. g3 Rxg3+ 31. Kh1 Rg6 32. Nf5 Qf2 33. Qd5 Qg1+ 34. Rxg1 Rxg1# 0-1

[Event "Western Asia-ch U16 Girls"]
[Site "Delhi"]
[Date "2019.09.09"]
[Round "7"]
[White "Salonika, Saina"]
[Black "Chinnam, Vyshnavi"]
[Result "1/2-1/2"]
[WhiteElo "2100"]
[BlackElo "1668"]
[PlyCount "41"]
[EventDate "2019.09.06"]
[EventType "swiss"]
[EventRounds "9"]
[EventCountry "IND"]
[SourceTitle "CBM 192 Extra"]
[Source "Chessbase"]
[SourceDate "2019.11.06"]
[SourceVersion "1"]
[SourceVersionDate "2019.11.06"]
[SourceQuality "1"]

1. e4 e6 2. d4 d5 3. Nc3 Nf6 4. Bg5 Bb4 5. e5 h6 6. Bd2 Bxc3 7. bxc3 Ne4 8. Qg4 Kf8 9. Nf3 Nxd2 10. Nxd2 c5 11. Be2 Nc6 12. 0-0 Qa5 13. Qf4 Qxc3 14. Bh5 Nd8 15. dxc5 Qxc5 16. c4 Bd7 17. Rfd1 Qe7 18. Nf3 Bc6 19. Nh4 Kg8 20. cxd5 Bxd5 21. Nf5 1/2-1/2

[Event "IND-ch (Women) 46th"]
[Site "Managiri"]
[Date "2019.07.25"]
[Round "9"]
[White "Dhyana, Patel"]
[Black "Chinnam, Vyshnavi"]
[Result "1/2-1/2"]
[WhiteElo "1900"]
[BlackElo "1664"]
[PlyCount "67"]
[EventDate "2019.07.19"]
[EventType "swiss"]
[EventRounds "11"]
[EventCountry "IND"]
[SourceTitle "EXT 2020"]
[Source "ChessBase"]
[SourceDate "2019.10.17"]
[SourceVersion "1"]
[SourceVersionDate "2019.10.17"]
[SourceQuality "1"]

1. e4 e6 2. d4 d5 3. Nd2 c5 4. exd5 exd5 5. Bb5+ Bd7 6. Qe2+ Qe7 7. Bxd7+ Nxd7 8. dxc5 Qxe2+ 9. Nxe2 Bxc5 10. Nb3 Bb6 11. 0-0 Ngf6 12. Bf4 Ne4 13. Rad1 Ndf6 14. Ned4 0-0 15. f3 Nc5 16. Nxc5 Bxc5 17. Be3 Rfe8 18. Bf2 a6 19. Rfe1 g6 20. c3 Rad8 21. Kf1 Bd6 22. g3 Rxe1+ 23. Rxe1 Re8 24. Rxe8+ Nxe8 25. Nc2 Kf8 26. Ke2 Ke7 27. Kd3 Ke6 28. Nd4+ Ke7 29. Nb3 Kd7 30. Be3 Ng7 31. Bf2 Ne8 32. Be3 Ng7 33. Nd4 Ne6 34. Nb3 1/2-1/2

[Event "IND-ch (Women) 46th"]
[Site "Managiri"]
[Date "2019.07.24"]
[Round "8"]
[White "Chinnam, Vyshnavi"]
[Black "Saranya, Y."]
[Result "1/2-1/2"]
[WhiteElo "1664"]
[BlackElo "1959"]
[PlyCount "92"]
[EventDate "2019.07.19"]
[EventType "swiss"]
[EventRounds "11"]
[EventCountry "IND"]
[SourceTitle "EXT 2020"]
[Source "ChessBase"]
[SourceDate "2019.10.17"]
[SourceVersion "1"]
[SourceVersionDate "2019.10.17"]
[SourceQuality "1"]

1. d4 Nf6 2. Nf3 b6 3. Bf4 g6 4. e3 Bg7 5. Be2 0-0 6. h3 d6 7. 0-0 Nbd7 8. c4 Bb7 9. Nc3 Re8 10. Qc2 e5 11. dxe5 dxe5 12. Bh2 Qe7 13. Rfd1 c6 14. Rd2 h6 15. Rad1 e4 16. Nd4 Nc5 17. b4 Nd3 18. b5 c5 19. Nb3 Nb4 20. Qb2 Rad8 21. Nc1 a6 22. a3 Nd3 23. Nxd3 exd3 24. Bxd3 axb5 25. Qxb5 Ng4 26. Nd5 Bxd5 27. cxd5 Nxh2 28. Kxh2 Rxd5 29. Bc4 Rxd2 30. Rxd2 Rd8 31. Rxd8+ Qxd8 32. Qc6 Qf6 33. Qxf6 Bxf6 34. Kg3 Bb2 35. a4 Kg7 36. Kf4 f5 37. Kf3 Kf6 38. Ke2 g5 39. Kd3 Ke5 40. Bg8 Ba3 41. g4 f4 42. e4 Bb4 43. f3 Be1 44. Kc4 Ba5 45. Bf7 Kf6 46. Bg8 Ke5 1/2-1/2

[Event "IND-ch (Women) 46th"]
[Site "Managiri"]
[Date "2019.07.19"]
[Round "1"]
[White "Vijayalakshmi, Subbaraman"]
[Black "Chinnam, Vyshnavi"]
[Result "1-0"]
[WhiteElo "2357"]
[BlackElo "1664"]
[PlyCount "113"]
[EventDate "2019.07.19"]
[EventType "swiss"]
[EventRounds "11"]
[EventCountry "IND"]
[SourceTitle "EXT 2020"]
[Source "ChessBase"]
[SourceDate "2019.10.17"]
[SourceVersion "1"]
[SourceVersionDate "2019.10.17"]
[SourceQuality "1"]

1. d4 Nf6 2. Nf3 g6 3. g3 Bg7 4. Bg2 0-0 5. 0-0 d5 6. Be3 c6 7. Qc1 b6 8. Bh6 Bb7 9. c4 Nbd7 10. Rd1 Rc8 11. Nc3 Ba6 12. b3 e6 13. Bxg7 Kxg7 14. Qa3 Nb8 15. Rac1 dxc4 16. bxc4 Bxc4 17. Ne5 Ba6 18. Nxc6 Nxc6 19. Qxa6 Qe7 20. e3 Rfd8 21. Qe2 Nd5 22. Nxd5 exd5 23. h4 h5 24. Bh3 f5 25. Bf1 Rd6 26. Rc2 Rf8 27. Qb5 Rff6 28. Rdc1 Qe6 29. Qa4 Na5 30. Rc8 Rd7 31. Bb5 Re7 32. Qa3 f4 33. exf4 Nb7 34. R8c7 Nd6 35. Qxa7 Rff7 36. Rxe7 Rxe7 37. Qxb6 Kh6 38. Bd3 Rb7 39. Qd8 Nf7 40. Qg8 Re7 41. Qf8+ Kh7 42. f5 gxf5 43. Bxf5+ Qxf5 44. Qxe7 Kg7 45. Rc7 Qb1+ 46. Kg2 Qe4+ 47. Qxe4 dxe4 48. a4 Kf6 49. a5 Nd6 50. a6 Nb5 51. Rb7 Nd6 52. Rb6 Ke7 53. a7 Nc8 54. Rb7+ Kd8 55. a8Q e3 56. fxe3 Ke8 57. Qxc8# 1-0

[Event "IND-ch U15 Girls"]
[Site "Kolkata"]
[Date "2018.07.23"]
[Round "9"]
[White "Chinnam, Vyshnavi"]
[Black "Bommini, Mounika Akshaya"]
[Result "0-1"]
[WhiteElo "1577"]
[BlackElo "1734"]
[PlyCount "84"]
[EventDate "2018.07.17"]
[EventType "swiss"]
[EventRounds "11"]
[EventCountry "IND"]
[SourceTitle "CBM 186 Extra"]
[Source "ChessBase"]
[SourceDate "2018.08.24"]
[SourceVersion "1"]
[SourceVersionDate "2018.08.24"]
[SourceQuality "1"]

1. d4 d5 2. Bf4 Nf6 3. e3 c5 4. dxc5 Nc6 5. Nf3 e6 6. Nc3 a6 7. Be2 Bxc5 8. 0-0 0-0 9. h3 h6 10. a3 b5 11. Nd4 Bb7 12. a4 b4 13. Na2 Re8 14. c3 bxc3 15. Nxc3 e5 16. Nb3 Ba7 17. Bh2 Rc8 18. Bg4 Nxg4 19. Qxg4 d4 20. exd4 exd4 21. Nb1 Ne5 22. Qg3 Rc6 23. f3 Rg6 24. Qf2 Nxf3+ 25. Kh1 Nxh2 26. Qxf7+ Kh7 27. Qxb7 Nxf1 28. N1d2 Nxd2 29. Nxd2 Qe7 30. Qd5 Qg5 31. Qxg5 Rxg5 32. Nf3 Rd5 33. Rd1 d3 34. Nd2 Re2 35. b3 Bf2 36. Nf3 d2 37. Kh2 a5 38. h4 Bxh4 39. Nxh4 Re1 40. Rxd2 Rxd2 41. Nf3 Ree2 42. Nxd2 Rxd2 0-1

[Event "IND-ch U11 Girls 30th"]
[Site "India"]
[Date "2016.06.30"]
[Round "4"]
[White "Chinnam, Vyshnavi"]
[Black "Velpula, Sarayu"]
[Result "1-0"]
[WhiteElo "1409"]
[BlackElo "1241"]
[PlyCount "135"]
[EventDate "2016.06.28"]
[EventType "swiss"]
[EventRounds "11"]
[EventCountry "IND"]
[SourceTitle "CBM 173 Extra"]
[Source "ChessBase"]
[SourceDate "2016.08.29"]
[SourceVersion "1"]
[SourceVersionDate "2016.08.29"]
[SourceQuality "1"]

1. d4 d5 2. Nf3 Nf6 3. g3 Bf5 4. Bg2 e6 5. 0-0 Nbd7 6. b3 Be7 7. Bb2 0-0 8. Nbd2 Ne4 9. c4 c6 10. e3 Bf6 11. Nxe4 Bxe4 12. Qd2 dxc4 13. bxc4 Nb6 14. Rac1 Qc7 15. Ne1 Bxg2 16. Kxg2 Rad8 17. Qc2 c5 18. Nf3 Qc6 19. Ba3 Be7 20. Qe2 Rfe8 21. Kg1 Qa4 22. Bxc5 Bxc5 23. dxc5 Nd7 24. Ng5 h6 25. Ne4 Qc6 26. Nd6 Re7 27. Nb5 a6 28. Nd4 Qxc5 29. Qf3 Ne5 30. Qe2 Red7 31. Rfd1 Ng6 32. Re1 e5 33. Nb3 Qc7 34. c5 Nf8 35. c6 bxc6 36. Qxa6 Qa7 37. Rxc6 Rc7 38. Qxa7 Rxa7 39. Rc5 Ng6 40. Rc2 Rda8 41. Ree2 Ne7 42. Red2 Kf8 43. Nc5 Ke8 44. Ne4 Nc8 45. Rxc8+ Rxc8 46. Nd6+ Kd7 47. Nb5+ Ke7 48. Nxa7 Ra8 49. Nc6+ Ke6 50. Nb4 Rb8 51. a3 Ra8 52. Rd3 e4 53. Rc3 Kd7 54. Kg2 f6 55. f3 f5 56. Nd5 Kd6 57. Nb6 Rb8 58. Nc4+ Kd5 59. a4 Rb4 60. a5 Ra4 61. Nb6+ Kd6 62. Nxa4 Ke6 63. a6 Kd6 64. a7 Ke6 65. a8Q Kf6 66. Qa6+ Ke7 67. Rc7+ Ke8 68. Qa8# 1-0